| 000 | 00581nam a2200193Ia 4500 | ||
|---|---|---|---|
| 005 | 20250923144651.0 | ||
| 008 | 008 250917s9999 xx 000 0 eng d | ||
| 037 | _aTextual | ||
| 040 |
_aDSWL _beng _cDSWL |
||
| 041 |
_aeng _2eng |
||
| 084 |
_aY172:1-2611.M9z7, J9 _qDSWL |
||
| 245 | 0 |
_aIndian North-East frontier in the nineteenth century _cEd. by Verrier Elwin |
|
| 260 |
_aLondon _b Oxford University Press _c1959 |
||
| 300 | _axxxii,473p. | ||
| 365 |
_aINR _b28 |
||
| 925 | _g28 | ||
| 942 |
_cTEXL _hY172:1-2611.M9z7, J9 |
||
| 999 |
_c1441824 _d1441824 |
||